[Event "Chrudim op"]
[Site "Chrudim"]
[Date "2001.??.??"]
[Round "?"]
[White "Slabko, Peter"]
[Black "Stehno, Pavel"]
[Result "1/2-1/2"]
[WhiteElo "2110"]
[BlackElo "2245"]
[PlyCount "99"]
[EventDate "2001.??.??"]
[EventType "swiss"]
[EventRounds "9"]
[EventCountry "CZE"]
[SourceTitle "EXT 2003"]
[Source "ChessBase"]
[SourceDate "2002.11.25"]
[SourceVersion "1"]
[SourceVersionDate "2002.11.25"]
[SourceQuality "1"]

1. d4 d6 2. Nf3 g6 3. Bf4 Bg7 4. c3 Nf6 5. h3 0-0 6. Nbd2 b6 7. e4 Bb7 8. Qc2 c5 9. d5 Nbd7 10. Be2 Re8 11. 0-0 Nf8 12. Bb5 N6d7 13. c4 h6 14. Rae1 e5 15. Bg3 Nh7 16. Nh4 Nhf6 17. Qd1 Nh5 18. Nf5 Nxg3 19. Nxg7 Kxg7 20. fxg3 Rf8 21. g4 Nf6 22. Re3 Nh7 23. Qe1 Rc8 24. Qg3 Rc7 25. Ra3 Bc8 26. Qe1 Kh8 27. Rff3 Kg7 28. Rg3 f6 29. Nf3 Rff7 30. Nd2 Qf8 31. Ba4 Kh8 32. Bc2 Qe8 33. Qe3 Kg7 34. Nb1 a6 35. Nc3 b5 36. cxb5 axb5 37. Ra5 Rb7 38. Ra6 b4 39. Ba4 bxc3 40. Bxe8 cxb2 41. Bxf7 b1Q+ 42. Kh2 Rxf7 43. Rxd6 Ng5 44. Rd8 Bb7 45. Qe2 Qb6 46. Re8 Ba6 47. Qc2 Qb5 48. Rd8 Qb6 49. Re8 Qb5 50. Rd8 1/2-1/2